|
|
|
|
| LEADER |
00000cam a2200000 7i4500 |
| 001 |
0000068306 |
| 005 |
20161124.0 |
| 008 |
161124 |
| 020 |
|
|
|a 9789674460846
|
| 090 |
0 |
0 |
|a JP
|b MAL
|
| 100 |
0 |
|
|a Nor Azhar Ishak
|
| 245 |
1 |
0 |
|a Alahai, anak gajah
|c cerita & ilustrasi: Nor Azhar Ishak
|
| 260 |
|
|
|a Selangor :
|b Grup Buku Karangkraf Sdn. Bhd ,
|c 2015
|
| 300 |
|
|
|a 16p. :
|b col. ill. ;
|c 15cm.
|
| 500 |
|
|
|a 3-6 years old (kuning)
|
| 650 |
|
0 |
|a Animals
|v fiction
|
| 650 |
|
0 |
|a Children stories
|v Malay
|
| 999 |
|
|
|a 0001412067
|b Book
|c Adult Collection
|e Cawangan Sri Merlong
|
| 999 |
|
|
|a 0001412071
|b Book
|c Children Collection
|e Cawangan Tangkak
|
| 999 |
|
|
|a 0001412086
|b Book
|c Children Collection
|e Cawangan Pontian
|
| 999 |
|
|
|a 0001412096
|b Book
|c Children Collection
|e Cawangan Tmn. Ungku Tun Aminah
|
| 999 |
|
|
|a 0001412197
|b Book
|c Children Collection
|e Cawangan Taman Universiti
|
| 999 |
|
|
|a 0001412198
|b Book
|c Children Collection
|e Cawangan Mersing
|
| 999 |
|
|
|a 0001412199
|b Book
|c Children Collection
|e Cawangan Tmn. Ungku Tun Aminah
|
| 999 |
|
|
|a 0001412201
|b Book
|c Children Collection
|e Cawangan Segamat
|
| 999 |
|
|
|a 0001412202
|b Book
|c Children Collection
|e Cawangan Tangkak
|
| 999 |
|
|
|a 0001412203
|b Book
|c Children Collection
|e Cawangan Sri Merlong
|
| 999 |
|
|
|a 0001412204
|b Book
|c Children Collection
|e Cawangan Kota Tinggi
|
| 999 |
|
|
|a 0001412205
|b Book
|c Children Collection
|e Cawangan Taman Sri Lambak
|
| 999 |
|
|
|a 0001412206
|b Book
|c Children Collection
|e Cawangan Bukit Gambir
|
| 999 |
|
|
|a 0001412207
|b Book
|c Children Collection
|e Cawangan Batu Pahat
|
| 999 |
|
|
|a 0001412208
|b Book
|c Children Collection
|e Cawangan Bandar Penawar
|
| 999 |
|
|
|a 0001412210
|b Book
|c Brochure/Pamphlet/Poster
|e Cawangan Pontian
|
| 999 |
|
|
|a 0001412571
|b Book
|c Children Collection
|e Perbadanan Perpustakaan Awam Johor
|
| 999 |
|
|
|a 0001412572
|b Book
|c Children Collection
|e Perbadanan Perpustakaan Awam Johor
|
| 999 |
|
|
|a 0001412573
|b Book
|c Children Collection
|e Cawangan Urban Transformation Centre
|